[Event "Tata Steel India Rapid"]
[Site "Kolkata IND"]
[Date "2022.11.29"]
[Round "1.3"]
[White "Vidit, Santosh Gujrathi"]
[Black "Maghsoodloo, Parham"]
[Result "1/2-1/2"]
[WhiteTitle "GM"]
[BlackTitle "GM"]
[WhiteElo "2724"]
[BlackElo "2720"]
[WhiteFideId "5029465"]
[BlackFideId "12539929"]
[EventDate "2022.11.29"]

1. e4 c5 2. c3 Nf6 3. e5 Nd5 4. Nf3 e6 5. d4 cxd4 6. cxd4 d6 7. Bc4 Nb6 8. Bd3
Nc6 9. O-O dxe5 10. dxe5 Nb4 11. Be4 Qxd1 12. Rxd1 Bd7 13. Nc3 Bc6 14. Bxc6+
Nxc6 15. Nb5 Nd5 16. Rxd5 exd5 17. Nc7+ Kd7 18. Nxa8 Be7 19. Bg5 Rxa8 20. Rd1 h6
21. Bxe7 Nxe7 22. Nd4 Rc8 23. f4 a6 24. Kf2 g6 25. g4 Rc4 26. b3 Rc3 27. Rd2 Nc6
28. Nf3 Ke6 29. h4 b5 30. Ke2 b4 31. Rd3 Rc2+ 32. Rd2 Rc3 33. Rd3 Rc2+ 34. Rd2
Rc3 1/2-1/2

[Event "Tata Steel India Rapid"]
[Site "Kolkata IND"]
[Date "2022.11.29"]
[Round "1.4"]
[White "Gukesh, D"]
[Black "Mamedyarov, Shakhriyar"]
[Result "0-1"]
[WhiteTitle "GM"]
[BlackTitle "GM"]
[WhiteElo "2725"]
[BlackElo "2741"]
[WhiteFideId "46616543"]
[BlackFideId "13401319"]
[EventDate "2022.11.29"]

1. d4 Nf6 2. c4 e6 3. Nf3 Bb4+ 4. Nbd2 d5 5. e3 O-O 6. a3 Be7 7. b4 a5 8. b5 c5
9. bxc6 bxc6 10. Be2 Nbd7 11. O-O c5 12. Bb2 Bb7 13. Qc2 dxc4 14. Nxc4 Rc8 15.
Rfd1 Bd5 16. Qa4 Nb6 17. Nxb6 Qxb6 18. Bc3 Bb3 19. Bxa5 Bxa4 20. Bxb6 Bxd1 21.
Bxd1 Nd5 22. Bxc5 Bxc5 23. dxc5 Rxc5 24. Nd4 Nc3 25. Bf3 e5 26. Nf5 Rb8 27. g4
Rb1+ 28. Rxb1 Nxb1 29. Nd6 Nxa3 30. h4 Nc4 31. Ne4 Ra5 32. Be2 Ra4 33. Nc3 Ra3
34. Nd5 Nd6 35. Kg2 Kf8 36. Bf3 Rd3 37. Nb4 Rd2 38. Kg3 h5 39. gxh5 Nf5+ 40. Kg4
Rxf2 41. Nd3 Nxe3+ 42. Kg3 Rd2 43. Nxe5 Rd4 44. Kf2 Nf5 45. Bg4 Re4 0-1

[Event "Tata Steel India Rapid"]
[Site "Kolkata IND"]
[Date "2022.11.29"]
[Round "1.5"]
[White "Sethuraman, S.P."]
[Black "So, Wesley"]
[Result "1/2-1/2"]
[WhiteTitle "GM"]
[BlackTitle "GM"]
[WhiteElo "2643"]
[BlackElo "2760"]
[WhiteFideId "5021596"]
[BlackFideId "5202213"]
[EventDate "2022.11.29"]

1. e4 e5 2. d4 exd4 3. Qxd4 Nc6 4. Qc4 Nf6 5. Nc3 Bb4 6. Bd2 O-O 7. O-O-O d6 8.
f3 Be6 9. Qe2 a5 10. a3 Bc5 11. Be3 Bc4 12. Qf2 Bxe3+ 13. Qxe3 Bxf1 14. Rxf1 d5
15. Rd1 d4 16. Qf4 Nh5 17. Qg4 Nf6 18. Qf4 Nh5 19. Qg4 Nf6 20. Qf4 1/2-1/2

[Event "Tata Steel India Rapid"]
[Site "Kolkata IND"]
[Date "2022.11.29"]
[Round "2.1"]
[White "Mamedyarov, Shakhriyar"]
[Black "Sethuraman, S.P."]
[Result "1-0"]
[WhiteTitle "GM"]
[BlackTitle "GM"]
[WhiteElo "2741"]
[BlackElo "2643"]
[WhiteFideId "13401319"]
[BlackFideId "5021596"]
[EventDate "2022.11.29"]

1. d4 d5 2. c4 c6 3. Nc3 Nf6 4. e3 e6 5. Nf3 Nbd7 6. Bd3 dxc4 7. Bxc4 b5 8. Bd3
Bb7 9. O-O a6 10. e4 c5 11. d5 c4 12. Bc2 Qc7 13. dxe6 fxe6 14. Ne2 Nc5 15. Ned4
e5 16. Nf5 g6 17. Ng3 Ne6 18. b3 c3 19. a3 b4 20. Bd3 Be7 21. axb4 Bxb4 22. Bc4
Nf4 23. Bxf4 exf4 24. Ne2 Rd8 25. Qc1 Nxe4 26. Nxf4 Rd2 27. Ne6 Qc6 28. Bxa6 Ke7
29. Ned4 Qd5 30. Bxb7 Qxb7 31. Ra7 Qxa7 32. Nc6+ 1-0

[Event "Tata Steel India Rapid"]
[Site "Kolkata IND"]
[Date "2022.11.29"]
[Round "2.2"]
[White "Maghsoodloo, Parham"]
[Black "Gukesh, D"]
[Result "0-1"]
[WhiteTitle "GM"]
[BlackTitle "GM"]
[WhiteElo "2720"]
[BlackElo "2725"]
[WhiteFideId "12539929"]
[BlackFideId "46616543"]
[EventDate "2022.11.29"]

1. d4 Nf6 2. c4 e6 3. Nf3 d5 4. g3 Bb4+ 5. Bd2 Be7 6. Bg2 O-O 7. O-O c6 8. b3
Nbd7 9. Nc3 Ne4 10. Nxe4 dxe4 11. Ne5 f5 12. Bf4 Bf6 13. h4 Qe7 14. Qc1 c5 15.
e3 b6 16. Rd1 cxd4 17. exd4 Bb7 18. Nxd7 Qxd7 19. Be5 Rad8 20. Qf4 Bxe5 21. Qxe5
Qd6 22. Qxd6 Rxd6 23. c5 Rd5 24. Rac1 Rfd8 25. cxb6 axb6 26. Rc7 R8d7 27. Rxd7
Rxd7 28. Bf1 Kf7 29. Rc1 Kf6 30. Rc4 Bd5 31. Rb4 Rd6 32. a4 h6 33. Bc4 g5 34.
hxg5+ hxg5 35. Kf1 f4 36. gxf4 gxf4 37. Ke2 Bxc4+ 38. Rxc4 e5 39. d5 Kf5 40. Rc6
Rxd5 41. Rxb6 f3+ 42. Ke1 e3 43. fxe3 Ke4 44. Rb5 Rd3 45. a5 Rxe3+ 46. Kf1 Rc3
47. a6 Rc1+ 48. Kf2 Rc2+ 49. Kf1 Ra2 50. Rb4+ Ke3 51. Ra4 Rh2 52. Kg1 f2+ 53.
Kxh2 f1=Q 54. a7 Qf2+ 55. Kh3 Qf3+ 56. Kh4 Qa8 57. b4 e4 58. b5 Kf4 59. Kh5 Kf5
60. Kh6 Qh8# 0-1

[Event "Tata Steel India Rapid"]
[Site "Kolkata IND"]
[Date "2022.11.29"]
[Round "2.5"]
[White "Nihal, Sarin"]
[Black "Abdusattorov, Nodirbek"]
[Result "1/2-1/2"]
[WhiteTitle "GM"]
[BlackTitle "GM"]
[WhiteElo "2670"]
[BlackElo "2713"]
[WhiteFideId "25092340"]
[BlackFideId "14204118"]
[EventDate "2022.11.29"]

1. c4 c5 2. g3 g6 3. Bg2 Bg7 4. Nc3 Nc6 5. d3 d6 6. Qd2 Bd7 7. b3 Nf6 8. Bb2 O-O
9. e3 Rb8 10. Nge2 a6 11. h3 b5 12. g4 b4 13. Ne4 Nxe4 14. dxe4 Bxb2 15. Qxb2
Ne5 16. Rd1 f6 17. f4 Nf7 18. Ng3 e5 19. Bf3 Qe7 20. h4 a5 21. Kf2 a4 22. Kg2
Ra8 23. h5 g5 24. Nf5 Bxf5 25. exf5 Rae8 26. Rhe1 a3 27. Qd2 e4 28. Be2 Rd8 29.
Qd5 Kh8 30. Kg3 h6 31. Rd2 Rfe8 32. Bf1 Kg7 33. Bg2 Rd7 34. Red1 Rdd8 35. Re1
Rd7 36. Red1 Rdd8 1/2-1/2

[Event "Tata Steel India Rapid"]
[Site "Kolkata IND"]
[Date "2022.11.29"]
[Round "3.1"]
[White "Vidit, Santosh Gujrathi"]
[Black "Nihal, Sarin"]
[Result "0-1"]
[WhiteTitle "GM"]
[BlackTitle "GM"]
[WhiteElo "2724"]
[BlackElo "2670"]
[WhiteFideId "5029465"]
[BlackFideId "25092340"]
[EventDate "2022.11.29"]

1. e4 e5 2. Nf3 Nc6 3. Bc4 d6 4. d4 Nf6 5. Nc3 Bg4 6. d5 Nd4 7. Be3 Nxf3+ 8.
gxf3 Bd7 9. Rg1 g6 10. f4 exf4 11. Bxf4 Bg7 12. Qf3 Qe7 13. O-O-O O-O 14. Rde1
Nh5 15. Bg5 Qe5 16. Qe3 f5 17. Be2 f4 18. Qd3 f3 19. Bd1 Nf4 20. Bxf4 Qxf4+ 21.
Kb1 Qxh2 22. Rgf1 Bh3 23. Rh1 Qxf2 24. e5 Bf5 25. Qc4 Bxe5 26. Rxe5 dxe5 27. d6+
Kh8 28. Qxc7 h5 29. d7 Qd4 30. Bxf3 Rad8 31. Qxb7 Rxd7 32. Qb5 Bxc2+ 33. Kxc2
Rxf3 34. Qc6 Rf2+ 35. Kb1 Qd3+ 36. Ka1 Rf1+ 37. Rxf1 Qxf1+ 38. Nb1 Qf5 0-1

[Event "Tata Steel India Rapid"]
[Site "Kolkata IND"]
[Date "2022.11.29"]
[Round "3.4"]
[White "Sethuraman, S.P."]
[Black "Maghsoodloo, Parham"]
[Result "0-1"]
[WhiteTitle "GM"]
[BlackTitle "GM"]
[WhiteElo "2643"]
[BlackElo "2720"]
[WhiteFideId "5021596"]
[BlackFideId "12539929"]
[EventDate "2022.11.29"]

1. e4 c5 2. Nf3 d6 3. d4 cxd4 4. Nxd4 Nf6 5. Nc3 a6 6. Be3 e5 7. Nb3 Be6 8. Qd2
Nbd7 9. O-O-O Rc8 10. h3 Be7 11. g4 O-O 12. g5 Nh5 13. Be2 Nf4 14. Bxf4 exf4 15.
h4 Ne5 16. Nd4 g6 17. Nd5 Bxd5 18. exd5 h6 19. Qxf4 hxg5 20. Qe4 Re8 21. hxg5
Bxg5+ 22. f4 Nd7 23. Ne6 Bf6 24. Rdg1 Nf8 25. Bc4 Rxc4 26. Qxc4 fxe6 27. dxe6 d5
28. Qd3 Rxe6 29. f5 Rb6 30. c3 g5 31. Kb1 d4 32. c4 Qe7 33. Re1 Qb4 34. Re2 Qc3
35. Rd1 Qxd3+ 36. Rxd3 Nd7 37. Rg3 Ne5 38. c5 Rb5 39. Re4 d3 40. b4 a5 41. a3
axb4 42. axb4 b6 43. c6 Nxc6 44. Rxd3 Nxb4 45. Rb3 Nd5 46. Rxb5 Nc3+ 47. Kc1
Nxb5 48. Re6 Kf7 49. Rxb6 Nd4 50. Rb7+ Be7 51. Kd2 Nxf5 52. Ke2 g4 53. Rb8 Bd6
54. Rb7+ Kf6 55. Ra7 Be5 56. Ra5 Bd4 57. Kd3 g3 58. Ke4 g2 59. Rxf5+ Kg6 60. Rd5
g1=Q 61. Rxd4 Qe1+ 62. Kd5 Kf5 63. Kc4 Qe6+ 64. Kc3 Ke5 65. Rd3 Qc6+ 66. Kd2 Qc5
67. Re3+ Kd4 68. Rd3+ Ke4 69. Rc3 Qf2+ 70. Kc1 Kd4 71. Rc8 Qf5 72. Rc2 Kd3 73.
Kb2 Qb5+ 74. Kc1 Qa4 75. Rd2+ Kc3 0-1

[Event "Tata Steel India Rapid"]
[Site "Kolkata IND"]
[Date "2022.11.29"]
[Round "3.5"]
[White "So, Wesley"]
[Black "Mamedyarov, Shakhriyar"]
[Result "0-1"]
[WhiteTitle "GM"]
[BlackTitle "GM"]
[WhiteElo "2760"]
[BlackElo "2741"]
[WhiteFideId "5202213"]
[BlackFideId "13401319"]
[EventDate "2022.11.29"]

1. d4 Nf6 2. Nf3 e6 3. c4 Bb4+ 4. Nbd2 d5 5. Qa4+ Nc6 6. a3 Be7 7. e3 a5 8. b4
dxc4 9. Nxc4 b5 10. Qxb5 Bd7 11. Qg5 axb4 12. Qxg7 Rg8 13. Qh6 bxa3 14. Be2 Rxg2
15. Nfe5 Nxe5 16. Nxe5 Rg8 17. Bf3 Qb8 18. e4 Qb3 19. Qe3 Bb4+ 20. Bd2 Qb2 21.
Nxd7 Nxd7 22. Bxb4 Qxa1+ 23. Ke2 Qb2+ 24. Qd2 c5 25. e5 Rb8 26. Bc3 Qxd2+ 27.
Kxd2 cxd4 28. Bxd4 Rb3 29. Rc1 Ke7 30. Bd1 Rb5 31. Rc7 Rd5 32. Ke3 Rb8 33. Bc2
Kd8 34. Ra7 Nxe5 35. Be4 Ra5 0-1

[Event "Tata Steel India Rapid"]
[Site "Kolkata IND"]
[Date "2022.11.30"]
[Round "4.1"]
[White "Maghsoodloo, Parham"]
[Black "So, Wesley"]
[Result "1-0"]
[WhiteTitle "GM"]
[BlackTitle "GM"]
[WhiteElo "2720"]
[BlackElo "2760"]
[WhiteFideId "12539929"]
[BlackFideId "5202213"]
[EventDate "2022.11.29"]

1. d4 Nf6 2. c4 e6 3. Nc3 d5 4. cxd5 exd5 5. Bg5 c6 6. e3 Bf5 7. Qf3 Bg6 8. Bxf6
Qxf6 9. Qxf6 gxf6 10. h4 h5 11. Nh3 Nd7 12. Nf4 Bd6 13. g3 Nb6 14. Be2 a5 15. a3
a4 16. Rc1 Kd7 17. f3 Rhe8 18. Kf2 Re7 19. Rhe1 f5 20. Bd3 Bxf4 21. exf4 Rxe1
22. Rxe1 Kd6 23. Nd1 Nc4 24. Bxc4 dxc4 25. Re5 f6 26. Rc5 Bf7 27. Rxf5 Ke7 28.
Rc5 Kd6 29. Rf5 Ke7 30. g4 Rd8 31. Ke3 hxg4 32. fxg4 Be6 33. Ra5 Bxg4 34. Nf2
Bd7 35. Rxa4 b5 36. Ra7 f5 37. d5 c5 38. Nh3 Rh8 39. Ng5 Rxh4 40. Ra6 Rh8 41.
Nf3 Rd8 42. Ne5 Be8 43. Re6+ Kf8 44. d6 b4 45. axb4 cxb4 46. Rf6+ Kg8 47. Nxc4
Kg7 48. Rxf5 Bf7 49. Ne5 Be6 50. Rg5+ Kf6 51. Rg6+ Kf5 52. Nc6 1-0

[Event "Tata Steel India Rapid"]
[Site "Kolkata IND"]
[Date "2022.11.30"]
[Round "4.4"]
[White "Nihal, Sarin"]
[Black "Gukesh, D"]
[Result "1-0"]
[WhiteTitle "GM"]
[BlackTitle "GM"]
[WhiteElo "2670"]
[BlackElo "2725"]
[WhiteFideId "25092340"]
[BlackFideId "46616543"]
[EventDate "2022.11.29"]

1. c4 c5 2. Nf3 Nc6 3. b3 e5 4. Bb2 d6 5. g3 g6 6. Bg2 Bg7 7. O-O Nge7 8. d3 O-O
9. Nc3 h6 10. a3 Be6 11. b4 cxb4 12. axb4 Nxb4 13. Nd2 Qd7 14. Qa4 Nbc6 15. Ba3
Rfd8 16. Rab1 Rab8 17. Nde4 Nc8 18. Rfc1 a6 19. Nf6+ Bxf6 20. Bxc6 Qc7 21. Bg2
Qd7 22. Qa5 Re8 23. Nd5 Bxd5 24. Qxd5 Re7 25. Rb3 b5 26. Rcb1 e4 27. Bxe4 Re5
28. Qc6 Qxc6 29. Bxc6 Rxe2 30. cxb5 axb5 31. Rxb5 Rxb5 32. Rxb5 Ra2 33. Bb4 Ne7
34. Be4 Bd4 35. Bxd6 Bxf2+ 36. Kf1 Nf5 37. Bxf5 gxf5 38. Rxf5 Bd4 39. Rd5 Bb6
40. h4 Be3 41. Re5 Bd4 42. Re4 Bf6 43. Bf4 Kh7 44. Rc4 h5 45. d4 Kg6 46. d5 Kf5
47. d6 Be5 48. Rc5 f6 49. d7 Ra1+ 50. Bc1 1-0

[Event "Tata Steel India Rapid"]
[Site "Kolkata IND"]
[Date "2022.11.30"]
[Round "4.5"]
[White "Abdusattorov, Nodirbek"]
[Black "Vidit, Santosh Gujrathi"]
[Result "0-1"]
[WhiteTitle "GM"]
[BlackTitle "GM"]
[WhiteElo "2713"]
[BlackElo "2724"]
[WhiteFideId "14204118"]
[BlackFideId "5029465"]
[EventDate "2022.11.29"]

1. c4 e6 2. Nc3 d5 3. d4 Nf6 4. cxd5 exd5 5. Bg5 c6 6. e3 h6 7. Bh4 Bf5 8. Qf3
Be6 9. Bxf6 Qxf6 10. Qxf6 gxf6 11. Bd3 a5 12. Nf3 a4 13. Rc1 a3 14. b3 Na6 15.
Bxa6 Rxa6 16. Ke2 Rg8 17. Ne1 Kd7 18. g3 h5 19. Nd3 b6 20. h4 Bd6 21. b4 Raa8
22. Rb1 Rgc8 23. Rhc1 Bf5 24. Rb3 Ke6 25. Kd2 Bg6 26. Ne2 Kd7 27. Nef4 Bxd3 28.
Nxd3 Ra4 29. Rcc3 Rca8 30. Kc2 R8a7 31. Rb1 Rc7 32. Kb3 Ra8 33. Rbc1 Rcc8 34. b5
Ra5 35. bxc6+ Kc7 36. Kc2 b5 37. Rb1 Kb6 38. Kb3 Ra4 39. Nf4 Bxf4 40. gxf4 Rc4
41. Rxc4 dxc4+ 42. Kb4 Kxc6 43. e4 f5 44. f3 fxe4 45. fxe4 Re8 46. d5+ Kd6 47.
Re1 f5 48. e5+ Kxd5 49. Kxa3 Kc5 50. Kb2 b4 51. a3 bxa3+ 52. Kxa3 Rb8 53. e6 c3
54. Re2 Kc4 55. Ka2 Kd3 56. Re5 Ra8+ 57. Kb3 Rb8+ 58. Ka2 c2 59. Rc5 Re8 60. Kb2
Rxe6 61. Rc3+ Ke4 62. Rg3 Kxf4 63. Rg5 Rc6 64. Kc1 Ke4 65. Rxh5 f4 66. Rh8 f3
67. Rf8 Ke3 68. h5 f2 69. Re8+ Kf3 70. Rf8+ Ke2 71. Re8+ Kf1 72. Rf8 Rh6 73. Rf5
Ke2 74. Re5+ Kd3 75. Rf5 Rxh5 0-1

[Event "Tata Steel India Rapid"]
[Site "Kolkata IND"]
[Date "2022.11.30"]
[Round "5.1"]
[White "Gukesh, D"]
[Black "Abdusattorov, Nodirbek"]
[Result "1-0"]
[WhiteTitle "GM"]
[BlackTitle "GM"]
[WhiteElo "2725"]
[BlackElo "2713"]
[WhiteFideId "46616543"]
[BlackFideId "14204118"]
[EventDate "2022.11.29"]

1. Nf3 Nf6 2. g3 c5 3. Bg2 Nc6 4. c4 d5 5. cxd5 Nxd5 6. O-O e5 7. Nc3 Nc7 8. a3
f6 9. e3 Be7 10. d4 cxd4 11. exd4 exd4 12. Ne2 Ne6 13. b4 O-O 14. Bb2 d3 15. Nc1
Nc7 16. Nxd3 Bf5 17. Qb3+ Kh8 18. Nf4 Qe8 19. b5 Nd8 20. Nh4 Be6 21. Nxe6 Ndxe6
22. Rfe1 Qf7 23. Rxe6 Qxe6 24. Qxe6 Nxe6 25. Re1 Bc5 26. Rxe6 Rae8 27. Rxe8 Rxe8
28. Kf1 Rd8 29. Ke2 Re8+ 30. Kd3 b6 31. Be4 Bxf2 32. Nf3 Kg8 33. g4 Kf7 34. a4
g6 35. Bd5+ Ke7 36. Nd4 Kd6 37. Be4 Ke5 38. Ne2+ Ke6 39. Nf4+ Kf7 40. Bd5+ Ke7
41. Ba3+ Bc5 42. Bxc5+ bxc5 43. Bc6 Rf8 44. a5 Kd6 45. Kc4 f5 46. g5 Ke5 47.
Nd3+ Kd6 48. Nxc5 f4 49. Ne4+ Ke5 50. b6 axb6 51. a6 Rf7 52. Bb7 b5+ 53. Kb4 f3
54. a7 Rf8 55. a8=Q Rxa8 56. Bxa8 1-0

[Event "Tata Steel India Rapid"]
[Site "Kolkata IND"]
[Date "2022.11.30"]
[Round "5.2"]
[White "Sethuraman, S.P."]
[Black "Nihal, Sarin"]
[Result "0-1"]
[WhiteTitle "GM"]
[BlackTitle "GM"]
[WhiteElo "2643"]
[BlackElo "2670"]
[WhiteFideId "5021596"]
[BlackFideId "25092340"]
[EventDate "2022.11.29"]

1. e4 e6 2. d4 d5 3. Nc3 Bb4 4. e5 c5 5. Bd2 Ne7 6. a3 Bxc3 7. Bxc3 b6 8. Bb5+
Bd7 9. Bd3 Nbc6 10. Nf3 Ng6 11. O-O Nf4 12. Re1 Nxd3 13. Qxd3 Rc8 14. dxc5 bxc5
15. b4 Qb6 16. Rab1 h6 17. Bd2 O-O 18. bxc5 Qxc5 19. Be3 Qa5 20. Rb7 Nxe5 21.
Qd1 Nxf3+ 22. gxf3 d4 23. Rxd7 dxe3 24. Rxe3 Rc4 25. Rd4 Rxd4 26. Qxd4 Rd8 27.
Qe5 Rd1+ 28. Kg2 Qa6 29. Rd3 Rxd3 30. cxd3 Qxa3 31. Qb8+ Kh7 32. Qb7 a5 33. d4
Qd3 34. Qa7 Qg6+ 35. Kf1 Qf5 36. Kg2 Qg5+ 37. Kf1 Qb5+ 38. Kg2 Kg6 39. h4 a4 40.
Qa8 h5 41. Qe4+ Kf6 42. Qa8 Qd7 43. Qa5 g6 44. Qe5+ Ke7 45. Qc5+ Ke8 46. Qb6 Kf8
47. Qb8+ Kg7 48. Qe5+ Kg8 49. Qb8+ Kh7 50. Qb6 Kg7 51. Qc5 Qd5 52. Qa7 Qc4 53.
Kg3 Qb4 54. Kg2 a3 55. Kg3 Qb2 56. Qa5 a2 57. Qe5+ Kg8 0-1

[Event "Tata Steel India Rapid"]
[Site "Kolkata IND"]
[Date "2022.11.30"]
[Round "5.4"]
[White "Mamedyarov, Shakhriyar"]
[Black "Maghsoodloo, Parham"]
[Result "1/2-1/2"]
[WhiteTitle "GM"]
[BlackTitle "GM"]
[WhiteElo "2741"]
[BlackElo "2720"]
[WhiteFideId "13401319"]
[BlackFideId "12539929"]
[EventDate "2022.11.29"]

1. e4 e5 2. Nf3 Nc6 3. Nc3 Nf6 4. Bb5 Bd6 5. O-O O-O 6. h3 h6 7. Re1 Re8 8. Bxc6
dxc6 9. d4 Nd7 10. Be3 b6 11. Qd2 Bb7 12. Rad1 Qf6 13. dxe5 Nxe5 14. Nxe5 Bxe5
15. Bd4 c5 16. Bxe5 Rxe5 17. Qd7 Re7 18. Nd5 Bxd5 19. Qxd5 Rae8 20. c3 Qe6 21.
Qxe6 Rxe6 22. Rd7 Rxe4 23. Rxe4 Rxe4 24. Kf1 Kf8 25. Rxc7 Re7 26. Rc8+ Re8 27.
Rc7 Re7 1/2-1/2

[Event "Tata Steel India Rapid"]
[Site "Kolkata IND"]
[Date "2022.11.30"]
[Round "6.2"]
[White "Nihal, Sarin"]
[Black "So, Wesley"]
[Result "1/2-1/2"]
[WhiteTitle "GM"]
[BlackTitle "GM"]
[WhiteElo "2670"]
[BlackElo "2760"]
[WhiteFideId "25092340"]
[BlackFideId "5202213"]
[EventDate "2022.11.29"]

1. d4 Nf6 2. Nf3 d5 3. c4 dxc4 4. e3 a6 5. Bxc4 e6 6. O-O c5 7. b3 cxd4 8. Nxd4
Be7 9. Bb2 O-O 10. Nd2 b5 11. Be2 Bb7 12. Bf3 Ra7 13. Rc1 Qd7 14. Bxb7 Rxb7 15.
N2f3 Rc8 16. Nf5 Rxc1 17. Nxe7+ Qxe7 18. Qxc1 Rc7 19. Qd2 Qd7 20. Qe2 Qc8 21.
Bxf6 gxf6 22. Rd1 1/2-1/2

[Event "Tata Steel India Rapid"]
[Site "Kolkata IND"]
[Date "2022.11.30"]
[Round "6.3"]
[White "Abdusattorov, Nodirbek"]
[Black "Sethuraman, S.P."]
[Result "1-0"]
[WhiteTitle "GM"]
[BlackTitle "GM"]
[WhiteElo "2713"]
[BlackElo "2643"]
[WhiteFideId "14204118"]
[BlackFideId "5021596"]
[EventDate "2022.11.29"]

1. e4 c5 2. Nf3 e6 3. c3 Nf6 4. e5 Nd5 5. d4 cxd4 6. cxd4 d6 7. Bc4 Nb6 8. Bd3
Nc6 9. O-O dxe5 10. dxe5 Nb4 11. Be4 Qxd1 12. Rxd1 N4d5 13. a4 Bd7 14. a5 Na4
15. Nd4 Bb4 16. Na3 O-O 17. Nab5 Bxb5 18. Nxb5 a6 19. Nd4 Nc5 20. Bxd5 exd5 21.
Be3 Rac8 22. Nf5 Ne6 23. Rxd5 Rc2 24. g3 Rxb2 25. Rc1 Ra2 26. Bb6 g6 27. Nd6 Ng5
28. Kg2 Ne6 29. Nxb7 h5 30. Nd6 Kg7 31. Rc4 Be1 32. Ne4 h4 33. Kf1 Ra1 34. Ke2
hxg3 35. hxg3 Rh8 36. Rc6 Ra2+ 37. Kf3 Bb4 38. Rd7 Bxa5 39. Rxe6 1-0

[Event "Tata Steel India Rapid"]
[Site "Kolkata IND"]
[Date "2022.11.30"]
[Round "6.5"]
[White "Vidit, Santosh Gujrathi"]
[Black "Gukesh, D"]
[Result "1/2-1/2"]
[WhiteTitle "GM"]
[BlackTitle "GM"]
[WhiteElo "2724"]
[BlackElo "2725"]
[WhiteFideId "5029465"]
[BlackFideId "46616543"]
[EventDate "2022.11.29"]

1. e4 c6 2. Nf3 d5 3. d3 Qc7 4. Nc3 dxe4 5. dxe4 e5 6. Bc4 Nf6 7. Ng5 Bg4 8. f3
Bh5 9. Be3 Nbd7 10. a4 Bb4 11. Qd2 O-O-O 12. Qf2 h6 13. Nxf7 Bxf7 14. Bxf7 Rhf8
15. Be6 Nxe4 16. Qh4 Bxc3+ 17. bxc3 Nxc3 18. a5 Rf6 19. Bh3 Kb8 20. Qf2 c5 21.
O-O Nd5 22. Rfd1 Rd6 23. Re1 Nxe3 24. Qxe3 Rd5 25. a6 b6 26. Be6 Rd6 27. Bf5 Re8
28. Rad1 Nf6 29. Qb3 Red8 30. Rxd6 Rxd6 31. Qe3 b5 32. Qxe5 Rxa6 33. Qxc7+ Kxc7
34. Re7+ Kd8 35. Rxg7 b4 36. g4 c4 37. Rb7 Rb6 38. Rxa7 b3 39. cxb3 cxb3 40. Ra1
Ke7 41. Re1+ Kf8 42. Rd1 Rb5 43. Kf2 Nd5 44. Bb1 Nc3 45. Rg1 Ra5 46. Bd3 Ra2+
47. Ke3 b2 48. h4 Ra1 49. Rg2 b1=Q 50. Bxb1 Rxb1 51. Rc2 Nd5+ 52. Ke4 Ne7 53. h5
Re1+ 54. Kf4 Kf7 55. Rc5 Rh1 56. Ra5 Rd1 57. Ra6 Kg7 58. Ra7 Re1 59. g5 hxg5+
60. Kxg5 Rg1+ 61. Kf4 Kf6 62. Ra6+ Kf7 63. h6 Re1 64. Kg4 Kg8 65. Kg5 Rg1+ 66.
Kf4 Ng6+ 67. Ke4 Kh7 68. f4 Rf1 69. Rf6 Re1+ 70. Kd4 Re7 71. f5 Nh8 72. Re6 Ra7
73. Ke5 Ra5+ 74. Kf4 Ra1 75. Rf6 Rf1+ 76. Kg5 Rg1+ 1/2-1/2

[Event "Tata Steel India Rapid"]
[Site "Kolkata IND"]
[Date "2022.12.01"]
[Round "7.1"]
[White "Sethuraman, S.P."]
[Black "Vidit, Santosh Gujrathi"]
[Result "1/2-1/2"]
[WhiteTitle "GM"]
[BlackTitle "GM"]
[WhiteElo "2643"]
[BlackElo "2724"]
[WhiteFideId "5021596"]
[BlackFideId "5029465"]
[EventDate "2022.11.29"]

1. e4 c5 2. Nf3 d6 3. d4 cxd4 4. Nxd4 Nf6 5. Nc3 Nc6 6. Bg5 e6 7. Qd2 a6 8.
O-O-O Bd7 9. f3 Nxd4 10. Qxd4 Be7 11. Kb1 Qc7 12. h4 b5 13. Qd2 b4 14. Ne2 a5
15. c4 bxc3 16. Nxc3 Rb8 17. a4 O-O 18. Nb5 Qb7 19. Bd3 d5 20. e5 Bb4 21. Qf2
Ne8 22. Rc1 Bxb5 23. Bxb5 Nc7 24. Bc6 Qa6 25. Ka1 h6 26. Be3 Be7 27. Qf1 Rb3 28.
Qxa6 Nxa6 29. Bd4 Rd3 30. Bc3 Nc5 31. Rcd1 Rxd1+ 32. Rxd1 Bxh4 33. Ka2 Rc8 34.
Bb5 Bd8 35. Bd4 Bb6 36. Ka3 Kf8 37. b4 axb4+ 38. Kxb4 Rc7 39. a5 Bxa5+ 40. Kxa5
Nb3+ 41. Kb6 Rc2 42. Ba4 Nxd4 43. Bxc2 Nxc2 44. g4 Ne3 45. Re1 Ng2 46. Ra1 g5
47. Kc5 Nf4 48. Kd4 Kg7 49. Ra8 h5 50. gxh5 Nxh5 51. Ra7 Kg6 52. Rb7 Nf4 53. Ra7
Ng2 54. Rb7 Nh4 55. Ke3 Nf5+ 56. Kd3 Ng3 57. Kd4 Ne2+ 58. Ke3 Nf4 59. Kd4 Ng2
60. Ra7 Nh4 61. Ke3 Nf5+ 62. Kd3 Nh6 63. Ra8 Kg7 64. Rb8 Nf5 65. Rc8 Ne7 66. Rc7
Ng6 67. Kd4 Nh4 68. Ke3 Kg6 69. Ra7 Nf5+ 70. Kd3 Nh6 71. Ra8 g4 72. fxg4 Nxg4
73. Kd4 Kf5 74. Rh8 f6 75. exf6 Nxf6 76. Ke3 e5 77. Rd8 Ke6 78. Kd3 Nd7 79. Rc8
Kd6 80. Rd8 Kc7 81. Re8 Nc5+ 82. Kc3 Kd6 83. Rd8+ Ke6 84. Kd2 d4 85. Ke2 Kf5 86.
Rh8 Ne6 87. Re8 e4 88. Re7 Nf4+ 89. Kd2 Ne6 90. Re8 Ke5 91. Re7 Kd6 92. Re8 Kd5
93. Re7 Ng5 94. Re8 Nf7 95. Ke2 Nd6 96. Rd8 Ke6 97. Ra8 Ke5 98. Ra5+ Kf4 99. Rd5
Nf5 100. Rd8 Ke5 101. Re8+ Kd5 102. Rd8+ Nd6 103. Rd7 Ke6 104. Rd8 Ke5 105. Rd7
Nc4 106. Rd8 Nb6 107. Kd2 Na4 108. Re8+ Kd5 109. Rd8+ Kc4 110. Rc8+ Nc5 111. Re8
Kd5 112. Rd8+ Ke5 113. Re8+ Ne6 114. Ke2 e3 115. Re7 Kd5 116. Re8 Ke5 117. Kd3
Kd6 118. Rh8 Ke5 119. Re8 Kd5 120. Ke2 Nf4+ 121. Kf3 Nd3 122. Rxe3 dxe3 123.
Kxe3 1/2-1/2

[Event "Tata Steel India Rapid"]
[Site "Kolkata IND"]
[Date "2022.12.01"]
[Round "7.2"]
[White "So, Wesley"]
[Black "Abdusattorov, Nodirbek"]
[Result "0-1"]
[WhiteTitle "GM"]
[BlackTitle "GM"]
[WhiteElo "2760"]
[BlackElo "2713"]
[WhiteFideId "5202213"]
[BlackFideId "14204118"]
[EventDate "2022.11.29"]

1. d4 Nf6 2. c4 e6 3. Nc3 Bb4 4. e3 O-O 5. Bd3 c5 6. Nf3 d5 7. cxd5 exd5 8. dxc5
Bxc5 9. O-O Nc6 10. b3 Bg4 11. Bb2 a6 12. Be2 Re8 13. Rc1 Bd6 14. h3 Bxf3 15.
Bxf3 Be5 16. Rc2 d4 17. exd4 Nxd4 18. Rc1 Qa5 19. Na4 Rad8 20. Rc5 b5 21. Bc3
Ne2+ 22. Bxe2 Bxc3 23. Nxc3 Rxd1 24. Rxd1 Qa3 25. Rc7 h6 26. Bf3 Qb2 27. Nd5 Ne4
28. Ne7+ Kf8 29. Bxe4 Rxe7 30. Rc2 Qe5 31. Bf3 g6 32. Re2 Qc5 33. Rxe7 Kxe7 34.
Re1+ Kd6 35. Re2 Qc1+ 36. Kh2 Qf4+ 37. Kg1 h5 38. Bb7 Kc7 39. Bd5 h4 40. Rc2+
Kb6 41. Rc6+ Ka7 42. Bf3 Qe5 43. Rc2 f5 44. Re2 Qd6 45. Rc2 g5 46. Be2 Qd4 47.
Bf1 g4 48. hxg4 fxg4 49. a4 Kb6 50. axb5 axb5 51. Re2 g3 52. Re3 Kc5 53. Rf3 Kb4
54. Re3 Qd2 55. Rf3 Qe1 56. Rf5 Ka3 57. b4 Ka4 58. Rf4 Qe5 59. Rf3 Kxb4 60. Re3
Qd4 61. Bd3 gxf2+ 62. Kxf2 Kc3 63. Ke2 Qg4+ 64. Ke1 Qg5 65. Kf2 Kd2 66. Rh3 Qc5+
67. Kf1 Qc1+ 0-1